Online
Catalog

Mañana en la batalla piensa en mí / (Record no. 56923)

MARC details
000 -CABECERA
campo de control de longitud fija 02161cam a2200301 i 4500
003 - IDENTIFICADOR DEL NÚMERO DE CONTROL
campo de control DO-SdBNP
005 - FECHA Y HORA DE LA ÚLTIMA TRANSACCIÓN
campo de control 20240624132112.0
007 - CAMPO FIJO DE DESCRIPCIÓN FÍSICA--INFORMACIÓN GENERAL
campo de control de longitud fija ta
008 - DATOS DE LONGITUD FIJA--INFORMACIÓN GENERAL
campo de control de longitud fija 240621s2000 sp 000 f spa d
020 ## - NÚMERO INTERNACIONAL ESTÁNDAR DEL LIBRO
Número Internacional Estándar del Libro 8466300708
040 ## - FUENTE DE LA CATALOGACIÓN
Centro catalogador/agencia de origen DO-SdBNP
Centro/agencia transcriptor spa
Centro/agencia modificador BNPHU
Normas de descripción rda
082 ## - NÚMERO DE LA CLASIFICACIÓN DECIMAL DEWEY
Número de clasificación 863.64
Número de documento/Ítem M333m, 2000
Número de edición 22
100 1# - ENTRADA PRINCIPAL--NOMBRE DE PERSONA
Nombre de persona Marías, Javier
Fechas asociadas al nombre 1951-
9 (RLIN) 17831
Término indicativo de función/relación autor
245 10 - MENCIÓN DE TÍTULO
Título Mañana en la batalla piensa en mí /
Mención de responsabilidad, etc. Javier Marías.
264 #1 - PRODUCCIÓN, PUBLICACIÓN, DISTRIBUCIÓN, FABRICACIÓN Y COPYRIGHT
Producción, publicación, distribución, fabricación y copyright Madrid, España :
Nombre del de productor, editor, distribuidor, fabricante Suma de letras,
Fecha de producción, publicación, distribución, fabricación o copyright 2000.
300 ## - DESCRIPCIÓN FÍSICA
Extensión 423 páginas
Dimensiones 18 cm.
336 ## - TIPO DE CONTENIDO
Fuente rdacontent
Término de tipo de contenido texto
Código de tipo de contenido txt
337 ## - TIPO DE MEDIO
Fuente rdamedia
Nombre/término del tipo de medio sin mediación
Código del tipo de medio n
338 ## - TIPO DE SOPORTE
Fuente rdacarrier
Nombre/término del tipo de soporte volumen
Código del tipo de soporte nc
490 1# - MENCIÓN DE SERIE
Mención de serie Punto de lectura
Designación de volumen o secuencia 4/5
500 ## - NOTA GENERAL
Nota general Una intensa narración sobre asuntos que nos atañen a todos: sobre el ocultamiento, los hechos y las intenciones; sobre el actuar sin saber y la voluntad que casi nunca se cumple; sobre la negación de las personas que una vez quisimos y el olvido y la indecisión; sobre la despedida, y también sobre el engaño.
520 ## - SUMARIO, ETC.
Sumario, etc. La hechizante primera frase de esta novela ya dice mucho, quizá demasiado: "Nadie piensa nunca que pueda ir a encontrarse con una muerta entre los brazos y que ya no verá más su rostro cuyo nombre recuerda".<br/><br/>Esto es lo que ocurre al narrador, Víctor Frances, guionista de televisión y "negro" o "escritor fantasma", encargado de redactar los discursos de la gente importante e ignorante. Recientemente divorciado, es invitado a cenar a su casa por Marta Tellez, mujer casada cuyo marido está de viaje y madre de un niño de dos años. Tras la cena galante, el hombre y la mujer pasan al dormitorio donde, "aún medio vestidos y medio desvestidos", ella empieza a sentirse mal hasta que agoniza y muere en una escena sobrecogedora.<br/><br/> <br/>Esa infidelidad no consumada se convierte así en una especie de "encantamiento", con problemas bien reales e inmediatos: que hacer con el cadáver, avisar o no avisar, que hacer respecto al marido, que hacer con el niño dormido,
590 ## - NOTA LOCAL (RLIN)
Nota local Inventariado, 2024/ YL
650 #4 - PUNTO DE ACCESO ADICIONAL DE MATERIA--TÉRMINO DE MATERIA
Término de materia o nombre geográfico como elemento de entrada Novela española
9 (RLIN) 1123
650 #4 - PUNTO DE ACCESO ADICIONAL DE MATERIA--TÉRMINO DE MATERIA
Término de materia o nombre geográfico como elemento de entrada Literatura española
9 (RLIN) 632
910 ## - DATOS DE OPCIÓN DEL USUARIO (OCLC)
Datos de opción del usuario YLockward
942 ## - ELEMENTOS DE PUNTO DE ACCESO ADICIONAL (KOHA)
Fuente del sistema de clasificación o colocación Dewey Decimal Classification
Tipo de ítem Koha Libro
Holdings
Estado de retiro Estado de pérdida Fuente del sistema de clasificación o colocación Restricciones de uso No para préstamo Código de colección Localización permanente Ubicación/localización actual Ubicación en estantería Fecha de adquisición Fuente de adquisición Total de préstamos Signatura topográfica completa Código de barras Fecha visto por última vez Precio válido a partir de Tipo de ítem Koha
    Dewey Decimal Classification Préstamo en sala   General Biblioteca Nacional Pedro Henríquez Ureña Biblioteca Nacional Pedro Henríquez Ureña En catalogación 04.06.2012 Donación   863.64 M333m, 2000 2024-3649 21.06.2024 21.06.2024 Libro

Powered by Koha